000 00735cam a2200217 4500
001 WB3540-21
008 000000n1999 000 0 eng u
035 _a(Sirsi) u100481
245 _aGrowth of home office
260 _c1999
490 _aEstate Agency News
_v(150) October 1999, 3(1)
520 _aA survey commissioned by the Halifax and the House Builders Federation indicates that the increasing number of people working from home is creating a demand for purpose-built houses with self-contained offices.
590 _aWB
650 _aTELEWORKING
650 _aHOME OFFICES
650 _aNEW HOMES
650 _aFLEXIBLE WORKING
650 _aPURPOSE BUILT HOUSES
690 _aHOUSING-DEVELOPMENT
942 _n0
999 _c60114
_d60114